00521nam a22001577a 4500008004100000020001500041020001800056050002100074100002000095245010300115260003000218300002500248500003700273650003100310700002200341160920b xxu||||| |||| 00| 0 eng d a0787630713 a9780787630713 aQA 28b.N66 1997 aYoung, Robyn V. aNotable mathematicians :bfrom ancient times to the present/cRobyn V. Young and Zoran Minderovic. aDetroit :bGale ,cc1998. axxi, 612p. :bill. ; aIncludes bibliography and index. aMathematiciansxbiography. aMinderovic, zoran